000 00716nam a22002052 4500
001 0000018795
005 20151217161556.0
008 100701s xx 000 0 eng d
040 _aKABU
_cKABU
100 1 _aArriaga, Francisco Javier Trujillo.
_@0000178205
245 1 4 _aThe Agroecology of maize production in Tlaxca, Mexico :
_bcropping systems effects on athropod communities /
_cFrancisco Javier Trujillo Arriaga.
250 _a1st ed.
260 _aBerkeley :
_bF. J. T. Arriaga,
_c1987.
300 _a146 p.
502 _aTheses (Ph.D) University of California 1987.
650 0 _aMaize.
_@0000178206
908 _a100701
950 _@1
999 _c15351
_d15351